| 000 | 00000nam##2200000za#4500 |
| 001 | 9.695783 |
| 003 | CaOODSP |
| 005 | 20220818080149 |
| 007 | cr ||||||||||| |
| 008 | 150407|2001||||xxc|||||o f|0| 0 eng|d |
| 040 | |aCaOODSP|beng |
| 043 | |an-cn--- |
| 086 | 1 |aIP34-9/2001E-PDF |
| 110 | 2 |aOffice of the Privacy Commissioner of Canada. |
| 245 | 10|aYour privacy rights : |h[electronic resource]|bCanada's Personal Information Protection and Electronic Documents Act : a guide for Canadians |
| 260 | |aOttawa - Ontario : |bOffice of the Privacy Commissioner of Canada |cFebruary 2001. |
| 300 | |a10p.|bphotographs |
| 590 | |a12-16-Supp|b2012-04-17 |
| 690 | 07|aPrivacy|2gcpds |
| 690 | 07|aElectronic documents|2gcpds |
| 775 | 08|tVos droits en matière de vie privée : |w(CaOODSP)9.639903 |
| 776 | 0#|tYour privacy rights : |w(CaOODSP)9.648471 |
| 856 | 40|ahttp://publications.gc.ca|qPDF|s221 KB|uhttps://publications.gc.ca/collections/Collection/IP34-9-2001E.pdf |